| 000 | 00777nam a2200205Ia 4500 | ||
|---|---|---|---|
| 008 | 0000001999 us a 0000000000eng00 | ||
| 020 | _a897971531 | ||
| 090 | _aPUS00 G76r | ||
| 100 | 1 |
_aGrooms, Red _d1937 |
|
| 245 | 1 | 0 |
_aRed Grooms _b: new works |
| 300 |
_a47 p. _c/ 24 cm. |
||
| 500 | _aExposición realizada en Marlborough, New York, Abril 21 Mayo 22, 1999 \ Con el patronazgo del maestro venezolano Jesús Rafael Soto (q.e.p.d.) \ Registro auspiciado por el IDCT. Bogotá | ||
| 600 | 0 | 0 |
_aGROOMS, RED, 1937/ _xTRABAJOS PICTORICOS |
| 650 | 1 | 4 | _aARTE CONTEMPORANEO ESTADOUNIDENSE |
| 650 | 1 | 4 | _xCATALOGOS |
| 650 | 1 | 4 | _xEXPOSICIONES |
| 650 | 1 | 4 | _aPINTORES ESTADOUNIDENSES |
| 650 | 1 | 4 | _aPINTURA ESTADOUNIDENSE |
| 999 |
_c3195 _d3195 |
||
| 260 |
_aNew York : Marlborough _c1999 |
||